Statistiques concernant Départements les plus deviné dans Jetpunk

Cliquez ici pour prendre le quiz!

Statistiques générales

  • Ce quiz a été pris 144 fois
  • Le résultat moyen est 14 sur 20

Statistiques - réponses

%département% Correct
89Paris
96%
89Nord
91%
90Loire
85%
82Rhône / métropole de Lyon
83%
85Finistère
80%
77Gironde
79%
81Pas-de-Calais
78%
76Var
75%
76Savoie
73%
77Bas-Rhin
72%
77Haut-Rhin
71%
83Corse
65%
86Ain
61%
75Aisne
57%
75Alpes-Maritimes
57%
85Martinique
55%
85Guadeloupe
54%
84Guyane
52%
75 Yvelines
51%
84La Réunion
45%

Distribution des résultats

Percentile par nombre de réponses

% des personnes avec chaque résultat

Votre développement - résultats

Vous n’avez pas pris ce quiz